Statistics for MCU Trivia (Phase 5)

Click here to take the quiz!

General Stats

  • This quiz has been taken 38 times
  • The average score is 7 of 10

Answer Stats

QuestionAnswer% Correct
Ant-Man And The Wasp: Quantumania- Lord Krylar Was Played By Which Actor?Bill Murray
85%
Ant-Man And The Wasp: Quantumania- Who Built The Device That Sends The Ant-Family To The Quantum Realm?Cassie Lang
85%
Guardians Of The Galaxy Vol. 3- Cosmo The Spacedog Was Launched Into Space By The...?Soviets
85%
Guardians Of The Galaxy Vol. 3- Which Of The Following Animals Species WAS NOT Apart Of Subject Batch 89?Chinchilla
82%
Guardians Of The Galaxy Vol. 3- What Is The Name Of The Artificial Planet Created By The High Evolutionary?Counter-Earth
79%
Guardians Of The Galaxy Vol. 3- What Is The Name Of Adam Warlock's Pet F'saki?Blurp
76%
Ant-Man And The Wasp: Quantumania- What Does Veb Wish For?Holes
73%
Ant-Man And The Wasp: Quantumania- What Does M.O.D.O.K. Stand For? (Note: He Has Been Called Most Of These In The Comics, But What Is The Name He Tells Scott?)Mechanized Organism Designed Only For Killing
73%
Ant-Man And The Wasp: Quantumania- What Color Was The Ooze That Scott And Cassie Had To Drink To Understand The Residents Of The Quantum Realm?Red
55%
Guardians Of The Galaxy Vol. 3- What Is The Name Of Nathan Fillion's Character In This Film?Master Karja
36%

Score Distribution

Percentile by Number Answered

Percent of People with Each Score

Your Score History

You have not taken this quiz